|
|
|
|
| LEADER |
00000cam a2200000 a 4500 |
| 001 |
64545 |
| 005 |
20230308160948.0 |
| 008 |
992051|1984 ||||||||r|||||||||||spa|| |
| 040 |
|
|
|b spa
|
| 041 |
1 |
|
|a eng
|
| 082 |
0 |
|
|a 428
|
| 245 |
|
|
|a Streanline english. Departures: an intensive english course for beginners student´s edition
|c Bernard Hartley and Peter Viney
|h imp
|
| 264 |
|
|
|a Oxford
|b Oxford University Press
|c 1984
|
| 300 |
|
|
|a 86 páginas:
|b ilu
|c 29 cm
|
| 504 |
|
|
|a incl. ref.
|
| 650 |
|
|
|a Ingles
|9 22070
|
| 650 |
|
|
|a Enseñanza del ingles
|9 16413
|
| 700 |
1 |
|
|a Hartley, Bernard
|9 22117
|
| 700 |
1 |
|
|a Viney, Peter
|9 22118
|
| 852 |
|
|
|a UC-CDJBV
|c ESTANTERIA CERRADA
|f Donación
|k npena
|l 1
|m General
|p 19920514
|r 1
|t 64545
|b 0
|d CDRC
|e CDRC
|g 428 ESTANTERIA CERRADA
|z 1992-20-51
|
| 942 |
|
|
|c BK
|
| 999 |
|
|
|c 12924
|d 12924
|